Sporcle Categories Word Ladder Quiz Stats

 Plays Quiz Updated Aug 25, 2012

Challenge
Share
Tweet
Embed
Score 0/90 Timer 12:00
2 Plays Today
% Correct
(R)ussia
93%
(N)ile
92.7%
(N)oah
92.2%
(E)verest
90.3%
RENO
89.8%
RENO
89.8%
(P)iano
88.7%
(O)hio
87.1%
PUNK
86.4%
PUNK
86.4%
(O)scar
86.3%
(E)mmy
86.3%
(I)nd. Day
86.3%
PINK
86%
PINK
86%
(L)uke
85.8%
LENT
85.2%
LENT
85.2%
(K)anye
84%
(N)ov.
83.7%
LENO
83.5%
LENO
83.5%
(I)ron
83.1%
(U)2
82.4%
(K)evin
82.3%
(N)eptune
82.2%
(K)ings
81.2%
(C)ountry
79.8%
(T)hor
79.6%
(E)lf
77.6%
% Correct
(L)eo
77.3%
(P)artridge
77.3%
(P)oe
77%
PECK
76.8%
PECK
76.8%
(I) Spy
76.3%
(C)hinese
76.1%
(C)heckmate
75.3%
DICE
74.2%
DICE
74.2%
(R)hode island
73.9%
(T)oe
71.6%
RACE
71.5%
RACE
71.5%
DICK
71.1%
DICK
71.1%
(E)xcalibur
70.4%
DECK
69.8%
DECK
69.8%
(C)lash
69.5%
(A)ll
69.3%
(P)itt
68.7%
LINT
67.6%
LINT
67.6%
(K)ennedy
67.4%
(D)iana
67.1%
(C)urling
66.1%
PUCK
64.6%
PUCK
64.6%
PINT
64.1%
% Correct
PINT
64.1%
RICE
63%
RICE
63%
(N)imoy
62.7%
RENT
61.6%
RENT
61.6%
(D)eux
61.1%
(E)ros
60.3%
(D)ominoes
60.2%
(T)ime
58.2%
(N)ation
58.1%
(E)ach
57.2%
(I)wo Jima
54.1%
(I)taly
52.5%
(K)appa
52.3%
(C)haucer
49.5%
(U)lysses
46.1%
(L)ovejoy
44.6%
(R)uth
44.3%
(E)rving
43.1%
(E)tymology
40.6%
(N)ano
39.3%
(I)sosceles
38.7%
(K)afka
34.2%
(N)estle
32%
(T)wins
31.1%
(E)uchre
24.6%
(R)erun
20.4%
(P)lanck
17.2%
(C)heops
8.7%

You're not logged in!

Compare scores with friends on all Sporcle quizzes.
OR
Log In

You Might Also Like...

Show Comments

Extras

Top Quizzes Today


Score Distribution

Your Account Isn't Verified!

In order to create a playlist on Sporcle, you need to verify the email address you used during registration. Go to your Sporcle Settings to finish the process.

Report this User

Report this user for behavior that violates our Community Guidelines.

Details: